| 000 | 00697nam a2200229 a 4500 | ||
|---|---|---|---|
| 001 | 19488 | ||
| 003 | CO-ViMGA | ||
| 008 | 141112s2004 ck r 000 u spa d | ||
| 020 | _a958692209X | ||
| 040 |
_aCO-ViMGA _bspa _cCO-ViMGA |
||
| 082 | 0 | 4 | _a220.9 E557t |
| 100 | 1 |
_aEmbry, Margaret _928107 |
|
| 245 | 1 | 0 |
_aTrabajo y sociedad : _bvida cotidiana en la epoca de la biblia |
| 260 |
_aBogotá : _bSan Pablo; 2001 |
||
| 300 | _a20 p. | ||
| 490 | _aEl Mundo de la biblia | ||
| 590 | _aForma de adquisición : Premio Mincultura | ||
| 650 | 1 | 4 |
_aBIBLIA - ASPECTOS SOCIALES _928108 |
| 650 | 1 | 4 |
_aBIBLIA - HISTORIA SAGRADA _915484 |
| 650 | 1 | 4 |
_aLITERATURA RELIGIOSA JUVENIL _928109 |
| 942 |
_2ddc _cBK |
||
| 999 |
_c28629 _d28629 |
||